Pokemon Allgemeinwissen-Bisasam - Statistiken

Allgemein
  • Dieses Quiz wurde 119 mal gespielt
    83 seit der letzten Aktualisierung
  • Das Durchschnittsergebnis liegt bei 3 aus 6
Antwortstatistiken
Frage Antwort % Korrekt
Pokedex Nummer 1
92%
Anzahl Entwicklungen 4
77%
Englischer Name Bulbasaur
58%
Typ Pflanze,Gift
58%
Generationsname Kanto
35%
1 Trainer, der es in der Hauptstpielen hatte Blau/Professor Platan/Aromalady/Martha und Tina/Tia/Lars und Maja/Svantje/Gudrun/Ernst
25%
Keine übereinstimmenden Quizze gefunden
Verteilung der Resultate
Anzahl Personen mit jedem Resultat
Perzentil nach korrekt beantworteten Fragen
Ihre Resultats-Entwicklung
Sie haben dieses Quiz seit der letzten Aktualisierung nicht gespielt